000 00807nam a2200229 a 4500
001 000030464
005 20240530073920.0
008 110517s2011 dr 000 f spa d
020 _a9789945408508
040 _aDO-SdBNP
_bspa
_cBNPHU
082 _aRD863.5
_bP426u
100 1 _aPeralta Montero, Raphael
_957095
245 1 3 _aEl último hombre rana en tiempos gloriosos /
_cRaphael Peralta Montero.
260 _aSanto Domingo :
_bArgos,
_c2011.
300 _a351 p. ;
_c24 cm.
500 _aIncluye datos biográficos del autor en la solapa de la cubierta.
590 _aInventariado, 2020/MFF
650 0 _aNovela dominicana
_9223
650 0 _aLiteratura dominicana.
_967
651 4 _aRepública Dominicana
_xHistoria
_yREVOLUCIÓN, 1965
_xNovela
_927122
910 _aValidado. Control de calidad EMS
999 _c29956
_d29956